[Event "Stay Safe Play From Home 241"]
[Site "Emanuel Lasker Arena"]
[Date "2020.06.21"]
[Round "3"]
[White "Don59as"]
[Black "Haris kollari 13"]
[Result "1-0"]
[WhiteElo "2097"]
[BlackElo "1724"]
[Annotator "NA RC"]
[PlyCount "83"]
[EventDate "2020.06.21"]
[EventType "swiss (blitz)"]

1. c3 {[%emt 0:00:01]} e6 {[%emt 0:00:00]} 2. d4 {[%emt 0:00:00]} d5 {[%emt 0:00:00]} 3. g3 {[%emt 0:00:00]} c5 {[%emt 0:00:00]} 4. Bg2 {[%emt 0:00:01]} Nc6 {[%emt 0:00:00]} 5. Nf3 {[%emt 0:00:01]} f5 {[%emt 0:00:01]} 6. O-O {[%emt 0:00:01]} Nf6 {[%emt 0:00:01]} 7. Ne5 {[%emt 0:00:01]} c4 {[%emt 0:00:01]} 8. f4 {[%emt 0:00:01]} Ne4 {[%emt 0:00:02]} 9. e3 {[%emt 0:00:01]} Nxe5 {[%emt 0:00:01]} 10. fxe5 {[%emt 0:00:01]} Be7 {[%emt 0:00:00]} 11. Nd2 {[%emt 0:00:01]} b5 {[%emt 0:00:04]} 12. Nxe4 {[%emt 0:00:01]} dxe4 {[%emt 0:00:01]} 13. b3 {[%emt 0:00:02]} cxb3 {[%emt 0:00:03]} 14. axb3 {[%emt 0:00:01]} Bb7 {[%emt 0:00:01]} 15. c4 {[%emt 0:00:01]} bxc4 {[%emt 0:00:02]} 16. bxc4 {[%emt 0:00:01]} O-O {[%emt 0:00:00]} 17. Bb2 {[%emt 0:00:02]} a5 {[%emt 0:00:01]} 18. Rc1 {[%emt 0:00:01]} a4 {[%emt 0:00:01]} 19. Qd2 {[%emt 0:00:02]} a3 {[%emt 0:00:01]} 20. Bc3 {[%emt 0:00:01]} a2 {[%emt 0:00:01]} 21. Rfd1 {[%emt 0:00:01]} Ra3 {[%emt 0:00:05]} 22. d5 {[%emt 0:00:01]} exd5 {[%emt 0:00:02]} 23. cxd5 {[%emt 0:00:01]} Qa8 {[%emt 0:00:01]} 24. d6 {[%emt 0:00:02]} Bg5 {[%emt 0:00:02]} 25. Qd4 {[%emt 0:00:03]} Rc8 {[%emt 0:00:06]} 26. d7 {[%emt 0:00:02]} Rcxc3 {[%emt 0:00:02]} 27. d8=Q+ {[%emt 0:00:10]} Bxd8 {[%emt 0:00:04]} 28. Qxd8+ {[%emt 0:00:01]} Qxd8 {[%emt 0:00:02]} 29. Rxd8+ {[%emt 0:00:01]} Kf7 {[%emt 0:00:00]} 30. Ra1 {[%emt 0:00:03]} Rcb3 {[%emt 0:00:02]} 31. Rd7+ {[%emt 0:00:06]} Ke6 {[%emt 0:00:01]} 32. Rdd1 {[%emt 0:00:01]} Kxe5 {[%emt 0:00:02]} 33. Bf1 {[%emt 0:00:01]} Bd5 {[%emt 0:00:01]} 34. Rdc1 {[%emt 0:00:00]} Bb7 {[%emt 0:00:02]} 35. h3 {[%emt 0:00:00]} Rxe3 {[%emt 0:00:02]} 36. Bc4 {[%emt 0:00:01]} Rxg3+ {[%emt 0:00:01]} 37. Kf1 {[%emt 0:00:01]} Rxh3 {[%emt 0:00:01]} 38. Rxa2 {[%emt 0:00:01]} Rh1+ {[%emt 0:00:01]} 39. Ke2 {[%emt 0:00:02]} Rxc1 {[%emt 0:00:00]} 40. Rxa3 {[%emt 0:00:01]} Rxc4 {[%emt 0:00:00]} 41. Ra5+ {[%emt 0:00:00]} Bd5 {[%emt 0:00:01]} 42. Ra7 {[%emt 0:00:00] Time} 1-0

[Event "Stay Safe Play From Home 241"]
[Site "Emanuel Lasker Arena"]
[Date "2020.06.21"]
[Round "3"]
[White "Konmos"]
[Black "SoulofWolf"]
[Result "0-1"]
[WhiteElo "1706"]
[BlackElo "2097"]
[Annotator "TA"]
[PlyCount "58"]
[EventDate "2020.06.21"]
[EventType "swiss (blitz)"]

{[%evp 10,58,84,22,100,97,93,100,89,71,71,62,68,30,42,-57,2,-53,-84,-83,-70,-120,-125,-125,-124,-146,-93,-86,-61,-153,-125,-127,-131,-159,-78,-73,-37,-664,-663,-655,-652,-785,-745,-973,-839,-950,-922,-1504,-1508,-1321,-933]} 1. d4 e6 2. c4 c5 3. Nc3 Nf6 4. d5 exd5 5. cxd5 d6 6. Bg5 ({Better is} 6. e4 $16) 6... Bf5 {[#] A60: Modern Benoni: Early Divergences.} (6... Be7 $11 {keeps the balance.}) 7. e4 $146 {[%mdl 512] Strongly threatening Bxf6.} ({Predecessor:} 7. f3 Be7 8. e4 Bg6 9. Bd3 Nbd7 10. Nh3 Nxd5 11. Nxd5 Bxg5 12. Nxg5 Qxg5 13. Nc7+ Ke7 14. Nxa8 Qxg2 {½-½ (29) Jensen,K-Berntsen,F Norway 1998}) 7... Bg6 (7... Bxe4 8. Bxf6) 8. Bb5+ Nbd7 {White is better.} 9. Bxf6 gxf6 10. Nf3 Bg7 11. h4 {Threatens to win with h5.} h5 12. Nh2 (12. Bd3 $14) 12... O-O (12... f5 $15 13. exf5 Bxf5 14. Qe2+ Kf8) 13. g4 (13. O-O $11) 13... Re8 $1 $15 14. f3 hxg4 {aiming for ...g3.} 15. Nxg4 f5 16. h5 Bh7 17. Nf2 a6 ({Black should try} 17... Bh6 18. Qa4 Re7 19. Bxd7 Rxd7) 18. Bxd7 $17 Qxd7 19. Qd3 (19. Rg1 $15 Kh8 20. Qd2 fxe4 21. Rxg7 exf3+ 22. Nfe4 Kxg7 23. Qg5+ Kf8 24. Qh6+ Kg8 25. Qg5+ Kf8 26. Qh6+ Kg8 27. Qg5+ Kf8) 19... Bd4 20. O-O-O Kh8 $36 {[%mdl 2048] Keeping White busy.} ({Reject} 20... Bxf2 $6 21. Qd2 $11) 21. Nh3 b5 (21... Qe7 $142 22. Qd2 fxe4 23. fxe4 Rg8) 22. Ng5 Be5 {Hoping for ...Bf4+.} 23. h6 $2 {[%mdl 8192] White does not recover from this.} (23. Nxh7 $15 b4 24. Ne2 Kxh7 25. Kb1 (25. exf5 c4 $15)) 23... Bf4+ $19 {[%mdl 64] [#] Double Attack. Black is clearly winning.} 24. Kb1 Bxg5 25. f4 Bxf4 26. e5 dxe5 27. Qf3 b4 28. Qg2 Rg8 29. Qe2 Bg5 {Accuracy: White = 43%, Black = 69%.} 0-1

[Event "Stay Safe Play From Home 241"]
[Site "Emanuel Lasker Arena"]
[Date "2020.06.21"]
[Round "3"]
[White "Pedrorojas"]
[Black "Little champs"]
[Result "0-1"]
[WhiteElo "1461"]
[BlackElo "2192"]
[Annotator "TA"]
[PlyCount "52"]
[EventDate "2020.06.21"]
[EventType "swiss (blitz)"]

{[%evp 9,51,51,37,16,33,25,17,-14,0,0,11,-13,-1,0,-12,-326,0,11,11,0,0,-72,-70,-65,-83,-77,77,-22,-8,-290,-283,-283,-283,-262,-257,-340,-358,-361,-361,-1643,-462,-454,-122,-29999]} 1. d4 c6 2. Bf4 d5 3. e3 Nf6 4. c4 g6 5. Nc3 Bg7 6. Be2 {D82: Grünfeld: 4 Bf4.} dxc4 7. Bxc4 O-O {[#]} 8. Be2 $146 {The position is equal.} ({Predecessor:} 8. Nf3 Nd5 9. Be5 Bg4 10. Bxg7 Kxg7 11. h3 Bxf3 12. Qxf3 e6 13. h4 Nd7 14. h5 N7f6 15. Qh3 Nxh5 16. g4 {1-0 (87) Hegyesi,Z (2144)-Linczer,J (2178) Hungary 2011}) 8... Nd5 9. Nxd5 cxd5 10. h4 Nc6 11. h5 e5 12. hxg6 $2 {[%mdl 8192]} (12. dxe5 $11 Nxe5 13. hxg6 fxg6 14. Nf3 Nxf3+ 15. Bxf3) 12... fxg6 $2 (12... exf4 $19 13. gxh7+ Kh8) 13. dxe5 $11 Nxe5 14. Bxe5 Bxe5 15. Nf3 (15. Qb3 $11) 15... Bxb2 $17 16. Rb1 Bc3+ 17. Kf1 Bg4 $2 (17... b6 $17 {keeps the pressure on.}) 18. Qc2 ({Better is} 18. Rxb7 $16 h5 19. Qd3 {[%mdl 64] Double Attack}) 18... Rc8 $36 {[%mdl 2048] White is under pressure.} 19. Qd3 $2 {[%mdl 8192]} (19. Rxb7 $11 {and White is okay.} Bg7 20. Qd2) 19... Bf5 $19 {[%mdl 64] Skewer} 20. Qb5 Bxb1 21. Qxb1 d4 {And now ...dxe3 would win.} 22. Qb3+ Kg7 23. exd4 Bxd4 24. Nxd4 $2 (24. g3 Rc1+ 25. Bd1) 24... Qxd4 (24... Rc1+ $142 25. Bd1 Qxd4 {[%mdl 64] Double Attack} 26. Qxb7+ Kf6 27. Qf3+ Ke6 $1 {[%mdl 512]} 28. Qb3+ Ke5 $1 {[%mdl 512]}) 25. Qxb7+ Rf7 $2 {[#]} (25... Kf6 $19 {( -> ...Rc1+)} 26. g3 Rc1+ 27. Kg2 Rxh1 28. Kxh1 Qxf2 29. Qb2+ Ke6) 26. Qxc8 $4 {[%mdl 8192]} (26. Rxh7+ $1 $17 {[%mdl 512]} Kxh7 27. Qxf7+ Kh6 28. g3) 26... Qxf2# {Accuracy: White = 35%, Black = 58%.} 0-1

[Event "Stay Safe Play From Home 241"]
[Site "Emanuel Lasker Arena"]
[Date "2020.06.21"]
[Round "3"]
[White "W Nelles"]
[Black "Trotsky"]
[Result "0-1"]
[WhiteElo "1095"]
[BlackElo "1532"]
[Annotator "NA RC"]
[PlyCount "48"]
[EventDate "2020.06.21"]
[EventType "swiss (blitz)"]

1. e4 {[%emt 0:00:02]} c5 {[%emt 0:00:02]} 2. Nf3 {[%emt 0:00:01]} e6 {[%emt 0:00:00]} 3. Bc4 {[%emt 0:00:01]} d5 {[%emt 0:00:01]} 4. exd5 {[%emt 0:00:02]} exd5 {[%emt 0:00:01]} 5. Bb5+ {[%emt 0:00:01]} Nc6 {[%emt 0:00:01]} 6. Qe2+ {[%emt 0:00:01]} Be6 {[%emt 0:00:01]} 7. Nc3 {[%emt 0:00:02]} Nf6 {[%emt 0:00:04]} 8. Ne5 {[%emt 0:00:01]} Qc7 {[%emt 0:00:03]} 9. Nxc6 {[%emt 0:00:01]} bxc6 {[%emt 0:00:01]} 10. Ba4 {[%emt 0:00:01]} O-O-O {[%emt 0:00:02]} 11. d3 {[%emt 0:00:03]} d4 {[%emt 0:00:01]} 12. Nb1 {[%emt 0:00:03]} Bd6 {[%emt 0:00:01]} 13. g3 {[%emt 0:00:02]} h5 {[%emt 0:00:02]} 14. Bf4 {[%emt 0:00:02]} Rhe8 {[%emt 0:00:02]} 15. Bxd6 {[%emt 0:00:01]} Qxd6 {[%emt 0:00:01]} 16. Nd2 {[%emt 0:00:02]} Bg4 {[%emt 0:00:02]} 17. f3 {[%emt 0:00:07]} Rxe2+ {[%emt 0:00:02]} 18. Kxe2 {[%emt 0:00:02]} Bf5 {[%emt 0:00:03]} 19. Rad1 {[%emt 0:00:06]} Nd5 {[%emt 0:00:01]} 20. Rde1 {[%emt 0:00:00]} Ne3 {[%emt 0:00:03]} 21. Nc4 {[%emt 0:00:05]} Nxc4 {[%emt 0:00:02]} 22. dxc4 {[%emt 0:00:02]} d3+ {[%emt 0:00:01]} 23. Kd2 {[%emt 0:00:02]} dxc2+ {[%emt 0:00:02]} 24. Kc3 {[%emt 0:00:04]} Qd3# {[%emt 0:00:01] (Lag: Av=0.44s, max=1.1s)} 0-1

[Event "Stay Safe Play From Home 241"]
[Site "Emanuel Lasker Arena"]
[Date "2020.06.21"]
[Round "4"]
[White "Mepe_Nika"]
[Black "Don59as"]
[Result "1-0"]
[WhiteElo "2365"]
[BlackElo "2100"]
[Annotator "NA RC"]
[PlyCount "53"]
[EventDate "2020.06.21"]
[EventType "swiss (blitz)"]

1. d4 {[%emt 0:00:01]} d5 {[%emt 0:00:01]} 2. Bf4 {[%emt 0:00:01]} e6 {[%emt 0:00:01]} 3. e3 {[%emt 0:00:01]} Nf6 {[%emt 0:00:00]} 4. c4 {[%emt 0:00:02]} g6 {[%emt 0:00:00]} 5. Nc3 {[%emt 0:00:01]} Bg7 {[%emt 0:00:00]} 6. Nf3 {[%emt 0:00:01]} O-O {[%emt 0:00:01]} 7. h3 {[%emt 0:00:00]} Ne4 {[%emt 0:00:01]} 8. Qc2 {[%emt 0:00:02]} f5 {[%emt 0:00:01]} 9. Be5 {[%emt 0:00:02]} c6 {[%emt 0:00:02]} 10. Bxg7 {[%emt 0:00:01]} Kxg7 {[%emt 0:00:00]} 11. Ne5 {[%emt 0:00:00]} Nd7 {[%emt 0:00:01]} 12. Bd3 {[%emt 0:00:02]} Nxe5 {[%emt 0:00:01]} 13. dxe5 {[%emt 0:00:00]} Qg5 {[%emt 0:00:02]} 14. O-O {[%emt 0:00:03]} Nxc3 {[%emt 0:00:02]} 15. Qxc3 {[%emt 0:00:01]} f4 {[%emt 0:00:00]} 16. exf4 {[%emt 0:00:02]} Rxf4 {[%emt 0:00:02]} 17. cxd5 {[%emt 0:00:00]} exd5 {[%emt 0:00:03]} 18. Rae1 {[%emt 0:00:02]} Be6 {[%emt 0:00:01]} 19. Re3 {[%emt 0:00:01]} Raf8 {[%emt 0:00:01]} 20. Rg3 {[%emt 0:00:02]} Qh4 {[%emt 0:00:01]} 21. Qd2 {[%emt 0:00:04]} h6 {[%emt 0:00:02]} 22. Kh2 {[%emt 0:00:01]} g5 {[%emt 0:00:01]} 23. Qe3 {[%emt 0:00:01]} Qh5 {[%emt 0:00:02]} 24. Bb1 {[%emt 0:00:01]} Qf7 {[%emt 0:00:01]} 25. f3 {[%emt 0:00:02]} d4 {[%emt 0:00:01]} 26. Qd3 {[%emt 0:00:01]} c5 {[%emt 0:00:01]} 27. Qh7# {[%emt 0:00:02] (Lag: Av=0.53s, max=0.7s)} 1-0

[Event "Stay Safe Play From Home 241"]
[Site "Emanuel Lasker Arena"]
[Date "2020.06.21"]
[Round "4"]
[White "SoulofWolf"]
[Black "Broken sword"]
[Result "0-1"]
[WhiteElo "2100"]
[BlackElo "2398"]
[Annotator "TA"]
[PlyCount "106"]
[EventDate "2020.06.21"]
[EventType "swiss (blitz)"]

{[%evp 9,106,0,0,-9,0,-11,0,-11,0,-6,0,-6,0,-127,-124,-220,-85,-275,-158,-263,-275,-451,-443,-506,-525,-959,-546,-620,-611,-611,-607,-624,-587,-658,-569,-635,-585,-596,-539,-620,-628,-604,-568,-635,-623,-605,-618,-629,-609,-725,-724,-743,-639,-644,-628,-744,-698,-1064,-923,-1014,-783,-1954,-798,-1121,-1056,-1020,-875,-840,-823,-1074,-960,-970,-968,-1110,-1098,-1285,-1302,-1291,-1251,-1125,-1003,-1917,-1841,-1829,-1786,-1699,-1516,-1910,-1789,-1902,-1738,-2214,-2185,-2159,-2037,-2193,-1961,-1924,-1539]} 1. Nf3 d5 2. d4 c6 3. Bg5 Nf6 {[#]} 4. Bh4 $146 ({Predecessor:} 4. e3 Bg4 5. Be2 Nbd7 6. O-O e6 7. c4 Be7 8. Nc3 O-O 9. Qb3 Qb6 10. h3 Bh5 11. c5 Qxb3 12. axb3 Bxf3 13. Bxf3 {½-½ (55) Balog,I (2566)-Almasi,Z (2687) Ajka 2019}) 4... Bf5 5. Nbd2 Nbd7 6. e3 {D03: 1 d4 d5 2 Nf3 Nf6 3 Bg5, including Torre Attack with early ...d5.} e6 7. c4 Be7 8. Be2 {The position is equal.} h6 9. O-O O-O 10. Rc1 Qb6 11. a3 (11. Rc3 $11 {remains equal.}) 11... Qxb2 12. Ne5 (12. c5 $17) 12... Rfe8 ({Inferior is} 12... Qxa3 13. Nxd7 Nxd7 14. Ra1 $11) (12... Bxa3 $19 {has better winning chances.} 13. Bxf6 Qxc1 14. Nxd7 Qxd1 15. Rxd1 gxf6 16. Nxf8 Bxf8) 13. f3 $2 {[#] This move loses the game for White.} (13. Bxf6 $17 Nxf6 14. a4) 13... Qxa3 (13... Nxe5 $19 14. dxe5 Qxe5) 14. g4 (14. Bf2 $17 {was worth a try.}) 14... Bh7 $19 {Strongly threatening ...Nxe5.} ({Much less strong is} 14... Qxe3+ 15. Bf2 $17) 15. Bg3 $2 (15. Nxd7 Nxd7 16. Bf2) 15... Qxe3+ {Black is clearly winning.} 16. Kg2 Qxd4 17. Qe1 Qb6 18. f4 Nxe5 19. fxe5 Nd7 20. Bf3 Rf8 21. Bf2 Qd8 22. Bg3 Rc8 23. Qf2 Nb6 24. c5 Nd7 25. Nb3 Qc7 26. Rfe1 b6 27. cxb6 axb6 28. h4 c5 29. Qe2 Ra8 30. Ra1 Rxa1 31. Rxa1 Qb7 32. Nd2 Ra8 33. Rb1 Ra2 34. Rd1 Qa6 35. Kf1 Qxe2+ 36. Kxe2 Kf8 37. Ke1 Ke8 38. Be2 c4 39. Nf3 Bb4+ 40. Kf1 Bc5 41. Nd2 b5 42. Bf2 Bxf2 43. Kxf2 Nxe5 44. Ke3 Bd3 45. Bf1 Bxf1 46. Nxf1 Nxg4+ {[%mdl 4096] Endgame KRN-KRN} 47. Kd4 Nf6 48. Kc5 Rb2 49. Ra1 Ne4+ 50. Kb6 Ke7 51. Ra7+ Kf6 52. Ne3 Rb3 53. Ng4+ Kg6 {Accuracy: White = 31%, Black = 64%.} 0-1

[Event "Stay Safe Play From Home 241"]
[Site "Emanuel Lasker Arena"]
[Date "2020.06.21"]
[Round "4"]
[White "Konmos"]
[Black "Haris kollari 13"]
[Result "0-1"]
[WhiteElo "1703"]
[BlackElo "1720"]
[Annotator "NA"]
[PlyCount "82"]
[EventDate "2020.06.21"]
[EventType "swiss (blitz)"]

1. d4 {[%emt 0:00:01]} e6 {[%emt 0:00:00]} 2. c4 {[%emt 0:00:01]} d5 {[%emt 0:00:00]} 3. Nc3 {[%emt 0:00:00]} c6 {[%emt 0:00:00]} 4. e4 {[%emt 0:00:01]} dxe4 {[%emt 0:00:02]} 5. Nxe4 {[%emt 0:00:00]} f5 {[%emt 0:00:00]} 6. Ng3 {[%emt 0:00:03]} Nf6 {[%emt 0:00:00]} 7. Bh6 {[%emt 0:00:01]} gxh6 {[%emt 0:00:02]} 8. Nh5 {[%emt 0:00:01]} Nxh5 {[%emt 0:00:02]} 9. Qxh5+ {[%emt 0:00:01]} Kd7 {[%emt 0:00:00]} 10. O-O-O {[%emt 0:00:02]} Qf6 {[%emt 0:00:03]} 11. d5 {[%emt 0:00:01]} cxd5 {[%emt 0:00:02]} 12. cxd5 {[%emt 0:00:01]} e5 {[%emt 0:00:01]} 13. Bb5+ {[%emt 0:00:01]} Kc7 {[%emt 0:00:02]} 14. f4 {[%emt 0:00:03]} exf4 {[%emt 0:00:04]} 15. Nf3 {[%emt 0:00:01]} a6 {[%emt 0:00:04]} 16. Ba4 {[%emt 0:00:08]} Bd7 {[%emt 0:00:01]} 17. Bb3 {[%emt 0:00:02]} Bb5 {[%emt 0:00:02]} 18. Kb1 {[%emt 0:00:01]} Nd7 {[%emt 0:00:02]} 19. Nd4 {[%emt 0:00:01]} Rd8 {[%emt 0:00:03]} 20. d6+ {[%emt 0:00:02]} Kb8 {[%emt 0:00:02]} 21. Nxb5 {[%emt 0:00:02]} axb5 {[%emt 0:00:02]} 22. Rd5 {[%emt 0:00:03]} Bxd6 {[%emt 0:00:01]} 23. Rhd1 {[%emt 0:00:01]} Nb6 {[%emt 0:00:01]} 24. Rxb5 {[%emt 0:00:02]} Bc7 {[%emt 0:00:02]} 25. Rxf5 {[%emt 0:00:01]} Rxd1+ {[%emt 0:00:02]} 26. Bxd1 {[%emt 0:00:02]} Qd6 {[%emt 0:00:00]} 27. Bf3 {[%emt 0:00:05]} Rd8 {[%emt 0:00:01]} 28. Qf7 {[%emt 0:00:05]} Qd3+ {[%emt 0:00:01]} 29. Kc1 {[%emt 0:00:01]} Qd2+ {[%emt 0:00:01]} 30. Kb1 {[%emt 0:00:01]} Rd7 {[%emt 0:00:03]} 31. Qe8+ {[%emt 0:00:01]} Ka7 {[%emt 0:00:01]} 32. a3 {[%emt 0:00:02]} Qd3+ {[%emt 0:00:01]} 33. Ka1 {[%emt 0:00:01]} Qxf5 {[%emt 0:00:01]} 34. Qxd7 {[%emt 0:00:00]} Qxd7 {[%emt 0:00:01]} 35. Bxb7 {[%emt 0:00:00]} Kxb7 {[%emt 0:00:01]} 36. Ka2 {[%emt 0:00:00]} Qd1 {[%emt 0:00:00]} 37. b3 {[%emt 0:00:01]} Nd5 {[%emt 0:00:02]} 38. a4 {[%emt 0:00:00]} Nc3+ {[%emt 0:00:01]} 39. Ka3 {[%emt 0:00:00]} Qd6+ {[%emt 0:00:01]} 40. b4 {[%emt 0:00:00]} Qd3 {[%emt 0:00:01]} 41. Kb3 {[%emt 0:00:00]} Nd5+ {[%emt 0:00:00] .} 0-1

[Event "Stay Safe Play From Home 241"]
[Site "Emanuel Lasker Arena"]
[Date "2020.06.21"]
[Round "4"]
[White "Trotsky"]
[Black "Little champs"]
[Result "0-1"]
[WhiteElo "1535"]
[BlackElo "2193"]
[Annotator "TA"]
[PlyCount "50"]
[EventDate "2020.06.21"]
[EventType "swiss (blitz)"]

{[%evp 9,50,13,25,-42,-14,-42,-50,-114,-94,-137,-138,-246,-167,-274,-269,-313,-305,-366,-350,-628,-612,-810,-820,-785,-814,-816,-820,-896,-977,-1259,-1233,-1175,-979,-1172,-1291,-1260,-1225,-1311,-1260,-1151,-726,-1538,-1186]} 1. d4 c6 2. e3 d5 3. c4 Nf6 4. Nc3 e6 5. Nf3 Be7 6. c5 {D45: Semi-Slav: 5 e3.} (6. Bd3 $11) 6... O-O 7. Bd3 b6 {[#]} 8. Qc2 $146 (8. cxb6 $15 axb6 9. O-O) ({Predecessor:} 8. b4 a5 9. bxa5 bxc5 10. O-O Rxa5 11. dxc5 Bxc5 12. Na4 Bd6 13. Bb2 Nbd7 14. Nd4 Bb7 {0-1 (33) Klachkou,A-Shaban,A (1734) Minsk 2019}) 8... bxc5 $17 9. Ng5 {[%cal Rd3h7]} h6 10. h4 (10. Nf3 $17 {was necessary.}) 10... c4 11. Bh7+ (11. Be2 $142) 11... Kh8 $19 12. Bd2 c5 13. O-O-O Nc6 14. a3 $2 {[#]} (14. dxc5 Bxc5 15. Qb1) 14... cxd4 {Black is clearly winning.} 15. Ne2 d3 16. Bxd3 cxd3 17. Qxd3 Ne5 18. Qb1 Ba6 {[#] Threatens to win with ...Nd3+.} 19. Nf4 Rc8+ 20. Bc3 Qa5 21. Rd2 Rxc3+ 22. bxc3 Qxc3+ 23. Rc2 Bxa3+ 24. Kd1 Qb4 25. Qa1 d4 {White did not feel at home in the position after the opening. Accuracy: White =  8%, Black = 64%.} 0-1

[Event "Stay Safe Play From Home 241"]
[Site "Emanuel Lasker Arena"]
[Date "2020.06.21"]
[Round "4"]
[White "Pedrorojas"]
[Black "W Nelles"]
[Result "1-0"]
[WhiteElo "1460"]
[BlackElo "1092"]
[Annotator "NA RC"]
[PlyCount "37"]
[EventDate "2020.06.21"]
[EventType "swiss (blitz)"]

1. d4 {[%emt 0:00:04]} e6 {[%emt 0:00:01]} 2. Bf4 {[%emt 0:00:00]} Nf6 {[%emt 0:00:01]} 3. e3 {[%emt 0:00:00]} Nd5 {[%emt 0:00:01]} 4. Bg3 {[%emt 0:00:02]} Nc6 {[%emt 0:00:02]} 5. c4 {[%emt 0:00:00]} Ndb4 {[%emt 0:00:02]} 6. a3 {[%emt 0:00:02]} Na6 {[%emt 0:00:01]} 7. Nc3 {[%emt 0:00:00]} d5 {[%emt 0:00:03]} 8. Nf3 {[%emt 0:00:01]} Bd6 {[%emt 0:00:03]} 9. c5 {[%emt 0:00:04]} Bxg3 {[%emt 0:00:02]} 10. hxg3 {[%emt 0:00:00]} Ne7 {[%emt 0:00:03]} 11. b4 {[%emt 0:00:01]} Nf5 {[%emt 0:00:02]} 12. Bd3 {[%emt 0:00:01]} O-O {[%emt 0:00:03]} 13. Ng5 {[%emt 0:00:02]} Qxg5 {[%emt 0:00:03]} 14. Qd2 {[%emt 0:00:07]} h6 {[%emt 0:00:10]} 15. O-O-O {[%emt 0:00:02]} c6 {[%emt 0:00:05]} 16. Rh3 {[%emt 0:00:01]} Qf6 {[%emt 0:00:09]} 17. Rdh1 {[%emt 0:00:02]} e5 {[%emt 0:00:05]} 18. dxe5 {[%emt 0:00:02]} Qxe5 {[%emt 0:00:03]} 19. Rh5 {[%emt 0:00:01] Zeit (Lag: Av=1.21s, max=1.9s)} 1-0

[Event "Stay Safe Play From Home 241"]
[Site "Emanuel Lasker Arena"]
[Date "2020.06.21"]
[Round "5"]
[White "Broken sword"]
[Black "Konmos"]
[Result "1-0"]
[WhiteElo "2403"]
[BlackElo "1687"]
[Annotator "TA"]
[PlyCount "51"]
[EventDate "2020.06.21"]
[EventType "swiss (blitz)"]

{[%evp 9,51,66,55,49,137,136,143,130,193,164,174,166,508,509,500,468,477,462,502,501,504,457,521,521,521,521,530,520,521,515,514,500,570,564,598,626,668,569,720,714,684,570,677,612]} 1. e4 d5 2. exd5 Nf6 3. Nf3 c6 4. dxc6 Nxc6 5. d4 Bg4 6. c3 {[#] B01: Scandinavian Defence.} Bxf3 $146 (6... e5 $1 $14) ({Predecessor:} 6... e5 7. Be2 e4 8. Nfd2 Bf5 9. Nc4 Qc7 10. Bg5 O-O-O 11. Bh4 Be7 12. Bg3 Qd7 13. Nbd2 g5 14. Ne3 Bg6 15. Ndc4 Nd5 16. Nxd5 Qxd5 17. Qa4 f5 18. Qxa7 Nxa7 19. Nb6# {1-0 (19) Burovic,I (2330)-Zacinovic,A (2215) Sarajevo 2017}) 7. Qxf3 $16 (7. gxf3 Qc7 $14) 7... e5 8. dxe5 {White is clearly better.} Nxe5 (8... Qe7 $16) 9. Bb5+ $18 ({Don't take} 9. Qxb7 Bc5 $16) 9... Nfd7 10. Qe2 Be7 $2 {[#]} (10... Qe7 11. O-O a6) 11. Qxe5 $1 {White is clearly winning.} O-O 12. Bxd7 Qxd7 13. O-O Bd6 14. Qh5 g6 15. Qh3 Qc7 16. Be3 Rfe8 17. Nd2 {[%cal Bb1d2,Bd2f1,Bf1e3][%mdl 32]} Re6 18. Rfe1 Rae8 19. Rad1 Bc5 20. Nf1 Bxe3 21. Rxe3 Rxe3 22. Nxe3 Qb6 23. Rd2 Qe6 24. Qxe6 Rxe6 25. g3 Ra6 26. b3 {Black got outplayed after the opening} 1-0

[Event "Stay Safe Play From Home 241"]
[Site "Emanuel Lasker Arena"]
[Date "2020.06.21"]
[Round "5"]
[White "Little champs"]
[Black "SoulofWolf"]
[Result "1-0"]
[WhiteElo "2193"]
[BlackElo "2095"]
[PlyCount "59"]
[EventDate "2020.06.21"]
[EventType "swiss (blitz)"]

1. d4 {[%emt 0:00:03]} d5 {[%emt 0:00:00]} 2. e3 {[%emt 0:00:00]} e6 {[%emt 0:00:00]} 3. Nf3 {[%emt 0:00:00]} Nd7 {[%emt 0:00:01]} 4. Be2 {[%emt 0:00:00]} Bd6 {[%emt 0:00:00]} 5. O-O {[%emt 0:00:00]} Ne7 {[%emt 0:00:00]} 6. c4 {[%emt 0:00:00]} c5 {[%emt 0:00:00]} 7. Nc3 {[%emt 0:00:00]} O-O {[%emt 0:00:01]} 8. dxc5 {[%emt 0:00:00]} Nxc5 {[%emt 0:00:01]} 9. cxd5 {[%emt 0:00:00]} Nxd5 {[%emt 0:00:01]} 10. Nxd5 {[%emt 0:00:01]} exd5 {[%emt 0:00:00]} 11. b4 {[%emt 0:00:00]} Na6 {[%emt 0:00:04]} 12. a3 {[%emt 0:00:00]} Bc7 {[%emt 0:00:01]} 13. Bb2 {[%emt 0:00:01]} Nb8 {[%emt 0:00:01]} 14. g3 {[%emt 0:00:01]} Bg4 {[%emt 0:00:03]} 15. Rc1 {[%emt 0:00:01]} Nc6 {[%emt 0:00:01]} 16. Nd4 {[%emt 0:00:01]} Ne5 {[%emt 0:00:02]} 17. Bxg4 {[%emt 0:00:01]} Qg5 {[%emt 0:00:01]} 18. Rxc7 {[%emt 0:00:03]} Rae8 {[%emt 0:00:02]} 19. Be2 {[%emt 0:00:02]} Qg6 {[%emt 0:00:02]} 20. Nf3 {[%emt 0:00:02]} Nc6 {[%emt 0:00:02]} 21. Qxd5 {[%emt 0:00:02]} Rd8 {[%emt 0:00:01]} 22. Qc4 {[%emt 0:00:03]} h5 {[%emt 0:00:02]} 23. Ne5 {[%emt 0:00:01]} Nxe5 {[%emt 0:00:01]} 24. Bxe5 {[%emt 0:00:01]} Rd2 {[%emt 0:00:02]} 25. Bf3 {[%emt 0:00:02]} h4 {[%emt 0:00:02]} 26. Bf4 {[%emt 0:00:02]} hxg3 {[%emt 0:00:01]} 27. hxg3 {[%emt 0:00:00]} Rfd8 {[%emt 0:00:02]} 28. Be4 {[%emt 0:00:01]} Qh5 {[%emt 0:00:02]} 29. Kg2 {[%emt 0:00:02]} Rd1 {[%emt 0:00:01]} 30. Bf3 {[%emt 0:00:01] SoulofWolf poddaje siê (Lag: Av=0.51s, max=1.1s)} 1-0